Normal view MARC view
  • Gilbert,Mike

Entry Personal Name

Number of records used in: 4

001 - CONTROL NUMBER

  • control field: 7238

003 - CONTROL NUMBER IDENTIFIER

  • control field: NUST

005 - DATE AND TIME OF LATEST TRANSACTION

  • control field: 20171214093109.0

008 - FIXED-LENGTH DATA ELEMENTS

  • fixed length control field: 171214|| aca||aabn | a|a d

040 ## - CATALOGING SOURCE

  • Original cataloging agency: NUST
  • Transcribing agency: NUST

100 ## - HEADING--PERSONAL NAME

  • Personal name: Gilbert,Mike

670 ## - SOURCE DATA FOUND

  • Source citation: Work cat.: (NUST): Gilbert,Mike, Achieving Environmental Standards:, 1998.
© 2023 Central Library, National University of Sciences and Technology. All Rights Reserved.